Coupe du monde 2018 Buteurs - Statistiques

Statistiques générales
  • Ce quiz a été pris 68 fois
  • Le résultat moyen est 10 sur 15
Statistiques - réponses
Question Réponse % Correct
Meilleur buteur du groupe B Cristiano Ronaldo
100%
Meilleur buteur du groupe C Mile Jedinak
100%
buteur de la petite finale Eden Hazard
83%
Meilleur buteur des demi-Finales Kieran Trippier
83%
buteur de la finale Mario Mandžukić
83%
Meilleur buteur du groupe D Ahmed Musa et Luka Modrić
67%
buteur des Quart de finales Domagoj Vida
67%
Meilleur buteur du groupe G Harry Kane
67%
buteur de la coupe du monde Harry Kane
67%
Meilleur buteur du groupe E Philippe Coutinho
67%
Meilleur buteur du groupe H Yerry Mina
67%
Meilleur buteur du groupe F Andreas Granqvist et Son Heung-min
50%
Meilleur buteur du groupe A Denis Cheryshev
50%
Meilleur buteur des qualifs Robert Lewandoski (Pologne)
50%
Meilleur buteur des Huitièmes de finale Kylian Mbappé et Edison Cavani
33%
Aucun quiz correspondant
Distribution des résultats
% des personnes avec chaque résultat
Percentile par nombre de réponses
Votre historique - résultats
Vous n’avez pas pris ce quiz